Truyện cổ dân gian các dân tộc vùng sông chảy - Yên Bái

Truyện cổ tích. Truyện cười

Đã lưu trong:
Bibliografiske detaljer
Hovedforfatter: Hoàng Tương Lai
Format: Bog
Sprog:Vietnamese
Udgivet: H. Hội nhà văn 2016
Fag:
Tags: Tilføj Tag
Ingen Tags, Vær først til at tagge denne postø!
Thư viện lưu trữ: Mạng thư viện Đại học Đà Nẵng
LEADER 01208nam a2200325 4500
001 000024882
003 21373
005 20170323140345.0
008 170316s2016 viesd
041 0 |a vie 
082 1 4 |a 398.209597157  |b HO-L 
100 1 |a Hoàng Tương Lai 
245 1 0 |a Truyện cổ dân gian các dân tộc vùng sông chảy - Yên Bái  |c Hoàng Tương Lai sưu tầm, giới thiệu 
260 |a H.  |b Hội nhà văn  |c 2016 
300 |a 230 tr.  |c 21 cm. 
500 |a ĐTTS ghi: Hội văn nghệ dân gian Việt Nam 
520 3 |a Truyện cổ tích. Truyện cười 
650 0 4 |a Truyện cổ tích  |z Việt Nam (Yên Bái) 
650 0 4 |a Văn học dân gian  |z Việt Nam (Yên Bái) 
653 |a Yên Bái 
OWN |a LSP 
AVA |a UDN50  |b LSP  |d 398.209597157 HO-L  |e available  |t Error 5001 Not defined in file expand_doc_bib_avail.  |f 1  |g 0  |h N  |i 0  |k 1 
999 |a From the UDN01 
AVA |a UDN50  |b LSP  |d 398.209597157 HO-L  |e available  |t Error 5001 Not defined in file expand_doc_bib_avail.  |f 1  |g 0  |h N  |i 0  |k 1 
TYP |a Monograph 
TYP |a Printed language 
980 |a Mạng thư viện Đại học Đà Nẵng